000 00863nam a22002297a 4500
999 _c3505
_d3505
005 20240205090337.0
008 240205b ||||| |||| 00| 0 eng d
020 _a9781407157450
040 _cKH8
082 _aFIC STI
100 _aStine, R. L.
_eAuthor
245 _aOne day at HorrorLand
_cR. L. Stine
260 _aLondon,
_bScholastic,
_c2015
300 _a123 pages ;
_c 20 cm.
440 _aGoosebumps,
_v16
500 _aIncludes: Behind the screams First published in the US by Scholastic Inc, 1994
520 _aWhen they get lost on their way to Zoo Gardens Theme Park, the Morris family instead finds Horrorland, an amusement park with no crowds, no lines, and heart-stopping rides that go beyond creepy
650 _aAmusement parks
650 _aAmusement parks
_vJuvenile fiction
650 _aChildren's stories
942 _2ddc
_cFIC